000 00484nam a22001817a 4500
005 20230118104646.0
008 221217b |||||||| |||| 00| 0 eng d
020 _a978-81-775-8957-3
041 _aeng
082 _a547 FUR-V
100 _aFURNISS ,BRAINS .,HANNAFORD ANTONY J . AND OTHERS
_97358
245 _aVOGEL'S TEXTBOOK OF ORGANIC CHEMISTRY
250 _a5th ed.
260 _c2022
300 _a1514;P.
650 _aPHARMACY
_xB.PHARMA & D.PHARMA
_97472
942 _cBK
999 _c8080
_d8078